| 000 | 01233namaa2200337 i 4500 | ||
|---|---|---|---|
| 001 | 110503 | ||
| 003 | ES-MaACL | ||
| 005 | 20250831063037.0 | ||
| 007 | ta | ||
| 008 | 220524s2002 sp a 001 0 spa | ||
| 017 |
_aB 47859-2002 _bOficina Depósito Legal Barcelona |
||
| 020 | _a84-395-9964-1 | ||
| 080 | _a930.85 | ||
| 080 | _a001(091) | ||
| 080 | _a910.4(091) | ||
| 100 | 1 |
_aBoorstin, Daniel J., _d1914-2004 _eaut _930326 |
|
| 245 | 1 | 4 |
_aLos grandes descubrimientos / _cDaniel J. Boorstin ; [traducción, Susana Litjmaer] |
| 260 |
_a[Barcelona] : _bPlaneta-De Agostini, _c[2002] |
||
| 300 |
_a6 volúmenes (1502 páginas) : _bilustraciones (blanco y negro y color) ; _c30 cm |
||
| 500 | _aÍndice: v. 6. | ||
| 505 | 0 | _aVol. 1. El tiempo - v. 2-3. La tierra y los mares - v. 4. La naturaleza - v. 5-6. La sociedad | |
| 594 | _5Traducción de: The discoverers | ||
| 650 | 4 |
_aCivilización- _xHistoria _911082 |
|
| 650 | 4 |
_aCiencia- _vHistoria _910954 |
|
| 650 | 4 |
_aDescubrimientos geográficos- _vHistoria _911830 |
|
| 700 | 1 |
_aLitjnaer, Susana _etrl _9174589 |
|
| 852 | 4 |
_aES-MaACL _jENC 930.85 BOO gra |
|
| 942 |
_2udc _cMONOGRAFIA _n0 |
||
| 999 |
_c110503 _d110503 |
||